LEADER 02176nam 2200565 450 001 996475766103316 005 20221221131703.0 010 $a3-031-04245-X 035 $a(MiAaPQ)EBC6977349 035 $a(Au-PeEL)EBL6977349 035 $a(CKB)22046195900041 035 $a(PPN)269155120 035 $a(EXLCZ)9922046195900041 100 $a20221129d2022 uy 0 101 0 $aeng 135 $aurcnu|||||||| 181 $ctxt$2rdacontent 182 $cc$2rdamedia 183 $acr$2rdacarrier 200 00$a6GN for future wireless networks $e4th EAI International Conference, 6GN 2021, Huizhou, China, October 30-31, 2021, proceedings /$fShuo Shi, Ruofei Ma and Weidang Lu (editors) 210 1$aCham, Switzerland :$cSpringer,$d[2022] 210 4$d©2022 215 $a1 online resource (740 pages) 225 1 $aLecture notes of the Institute for Computer Sciences, Social Informatics, and Telecommunications Engineering ;$vVolume 439 311 08$aPrint version: Shi, Shuo 6GN for Future Wireless Networks Cham : Springer International Publishing AG,c2022 9783031042447 320 $aIncludes bibliographical references and index. 410 0$aLecture notes of the Institute for Computer Sciences, Social Informatics, and Telecommunications Engineering ;$vVolume 439. 606 $aMobile communication systems$vCongresses 606 $aWireless communication systems 606 $aMobile communication systems 606 $aSistemes de comunicacions mòbils$2thub 606 $aSistemes de comunicació sense fil$2thub 608 $aCongressos$2thub 608 $aLlibres electrònics$2thub 615 0$aMobile communication systems 615 0$aWireless communication systems. 615 0$aMobile communication systems. 615 7$aSistemes de comunicacions mòbils 615 7$aSistemes de comunicació sense fil 676 $a621.382 702 $aShi$b Shuo$f1957- 702 $aMa$b Ruofei 702 $aLu$b Weidang 801 0$bMiAaPQ 801 1$bMiAaPQ 801 2$bMiAaPQ 906 $aBOOK 912 $a996475766103316 996 $a6GN for Future Wireless Networks$92849932 997 $aUNISA